[Event "GRE-chT Online Rapid op 1st"]
[Site "Tornelo INT"]
[Date "2021.02.21"]
[Round "8.27"]
[White "Gkavardinas, Christos Konstantin"]
[Black "Themeli, Dimitra"]
[Result "1-0"]
[WhiteElo "1353"]
[BlackElo "1606"]
[PlyCount "91"]
[EventDate "2021.02.20"]
[EventType "team-swiss (rapid)"]
[EventRounds "9"]
[EventCountry "GRE"]
[SourceTitle "EXT 2023"]
[Source "ChessBase"]
[SourceDate "2022.10.05"]
[SourceVersion "1"]
[SourceVersionDate "2022.10.05"]
[SourceQuality "1"]

1. d4 d5 2. c4 c6 3. Nc3 g6 4. Nf3 Bg7 5. Bf4 Nf6 6. e3 0-0 7. cxd5 Nxd5 8. Nxd5 Qxd5 9. Be2 Qa5+ 10. Qd2 Qxd2+ 11. Nxd2 h6 12. 0-0 g5 13. Bg3 Bf5 14. Nc4 Nd7 15. Rfd1 Rac8 16. Bf3 b5 17. Na5 c5 18. Bc6 cxd4 19. exd4 Nb6 20. Bxb5 Rc2 21. b3 Rd8 22. Nc6 Rd5 23. Nxe7+ Kf8 24. Nxd5 Nxd5 25. Bd6+ Kg8 26. Bd3 Bxd3 27. Rxd3 f5 28. Be5 Bf8 29. Rdd1 Ba3 30. Rd3 Kf7 31. Bb8 a6 32. Ba7 Kg6 33. Bc5 Nf4 34. Re3 Bxc5 35. dxc5 Rxc5 36. g3 Nd5 37. Re6+ Kf7 38. Rxa6 h5 39. Rd1 f4 40. Rd6 Ne7 41. gxf4 gxf4 42. R6d4 Rc2 43. Rxf4+ Kg6 44. a4 Rb2 45. Rb4 Kf5 46. a5 1-0

[Event "GRE-ch Online Blitz op 1st"]
[Site "Tornelo INT"]
[Date "2021.02.07"]
[Round "8"]
[White "Gkavardinas, Christos Konstantin"]
[Black "Costabile, Andreas"]
[Result "1-0"]
[WhiteElo "1353"]
[BlackElo "1071"]
[PlyCount "89"]
[EventDate "2021.02.07"]
[EventType "swiss (blitz)"]
[EventRounds "16"]
[EventCountry "GRE"]
[SourceTitle "EXT 2023"]
[Source "ChessBase"]
[SourceDate "2022.10.05"]
[SourceVersion "1"]
[SourceVersionDate "2022.10.05"]
[SourceQuality "1"]

1. d4 Nf6 2. c4 g6 3. Nc3 Bg7 4. e4 d6 5. Nf3 0-0 6. h3 e5 7. d5 c6 8. Be3 Nbd7 9. Bd3 Nc5 10. Bxc5 dxc5 11. dxc6 bxc6 12. 0-0 Re8 13. Bc2 Ba6 14. b3 Qc7 15. Qe2 Rad8 16. Rfd1 Bb7 17. Na4 Qa5 18. Rxd8 Rxd8 19. Rd1 Rxd1+ 20. Qxd1 Qc7 21. Nxc5 a6 22. Nxb7 Qxb7 23. Qd8+ Bf8 24. Nxe5 c5 25. Qd3 h5 26. Nf3 Kh7 27. e5 Ne4 28. Qxe4 Qxe4 29. Bxe4 a5 30. Bd5 Kg7 31. Ng5 f6 32. exf6+ Kxf6 33. Ne6 Bd6 34. Nd8 Ke5 35. Nc6+ Kf4 36. Nxa5 Ke5 37. Nb7 Be7 38. Kf1 Bg5 39. Nxc5 Kd4 40. Ne6+ Kc3 41. Nxg5 Kb4 42. Bf7 Ka3 43. c5 Kxa2 44. c6 Ka3 45. c7 1-0

[Event "GRE-ch Online Rapid op 1st"]
[Site "Tornelo INT"]
[Date "2021.02.06"]
[Round "8"]
[White "Gkavardinas, Christos Konstantin"]
[Black "Lagaras, Stylianos"]
[Result "0-1"]
[WhiteElo "1155"]
[BlackElo "1675"]
[PlyCount "92"]
[EventDate "2021.02.06"]
[EventType "swiss (rapid)"]
[EventRounds "8"]
[EventCountry "GRE"]
[SourceTitle "EXT 2023"]
[Source "ChessBase"]
[SourceDate "2022.10.05"]
[SourceVersion "1"]
[SourceVersionDate "2022.10.05"]
[SourceQuality "1"]

1. d4 Nf6 2. c4 e6 3. Nc3 Bb4 4. e3 0-0 5. Bd3 c5 6. Nge2 cxd4 7. exd4 d5 8. cxd5 exd5 9. 0-0 h6 10. a3 Bd6 11. Ng3 Nc6 12. Bf5 Bxg3 13. fxg3 Qb6 14. Bxc8 Raxc8 15. Bxh6 Qxd4+ 16. Qxd4 Nxd4 17. Bg5 Ne4 18. Be7 Rfe8 19. Nxd5 Rc2 20. Bb4 Rxb2 21. Ne7+ Kh7 22. Rae1 Ne2+ 23. Kh1 a5 24. Rf4 g5 25. Rxe4 axb4 26. axb4 Nc3 27. R4e3 Nb5 28. Re4 Nd6 29. Re5 Rxb4 30. Rxg5 Nc8 31. Rge5 Rxe7 32. Rxe7 Nxe7 33. h3 Nc6 34. Rd1 Kg7 35. Rd7 b5 36. Rc7 Rc4 37. Rb7 b4 38. Rb5 Rc3 39. Kh2 b3 40. g4 Nd4 41. Rb4 Rd3 42. h4 Rd2 43. Kh3 b2 44. Rb6 Ne2 45. h5 Nc3 46. h6+ Kh7 0-1